Visualizzazione normale
Vista MARC
- Fairouz
di Personal Name
Records bibliografici associati: 1
001 - CONTROL NUMBER
- control field: 16673
003 - CONTROL NUMBER IDENTIFIER
- control field: IT-RoPau
005 - DATE AND TIME OF LATEST TRANSACTION
- control field: 20140314205829.0
008 - FIXED-LENGTH DATA ELEMENTS
- fixed length control field: 140314|| aca||aabn | a|a d
040 ## - CATALOGING SOURCE
- Original cataloging agency: IT-RoPau
- Transcribing agency: IT-RoPau
100 ## - HEADING--PERSONAL NAME
- Personal name: Fairouz
670 ## - SOURCE DATA FOUND
- Source citation: Work cat.: (IT-RoPau)100472: Fairouz , Agani Petra (Canti di Petra)